Pays d'Europe de l'Est avec une carte. - Statistiques

Statistiques générales
  • Ce quiz a été pris 1 141 fois
  • Le résultat moyen est 16 sur 21
Réponses sur la Carte
Les réponses sont colorées sur une échelle allant du rouge au vert en fonction du pourcentage des utilisateurs qui les ont devinées à leur premier essai. Vous pouvez retrouver ces pourcentages ci-dessous.
 
Statistiques - réponses
Réponse % Correct
Russie
95%
Pologne
90%
Ukraine
89%
Biélorussie
87%
Lituanie
84%
Estonie
82%
Roumanie
80%
Lettonie
79%
Croatie
77%
Moldavie
77%
Tchéquie
72%
Albanie
70%
Bulgarie
70%
Kosovo
68%
Hongrie
66%
Slovénie
66%
Bosnie
Herzegovine
65%
Macédoine du Nord
65%
Serbie
65%
Slovaquie
65%
Monténégro
59%
Aucun quiz correspondant
Distribution des résultats
% des personnes avec chaque résultat
Percentile par nombre de réponses
Votre historique - résultats
Vous n’avez pas pris ce quiz